000 00376cam a22001217a 4500
008 180718b1979 xxu||||| |||| 00| 0 eng d
082 _aR T31x54 Ec74/66-71
100 _aSriram, V.
245 _aTop 300 companies, imports, exports foreign collaborationagreements and R.D.
_cby V. Sriram
260 _aNew Delhi
_bESRF
_c1979
300 _a182p.
650 _aCorporations - India
999 _c347102
_d347102